El marxismo: verdad y mito
Guardat en:
| Autor principal: | |
|---|---|
| Format: | Llibre |
| Idioma: | espanyol |
| Publicat: |
Barcelona
Nova Terra
1965
|
| Edició: | 2a. ed |
| Col·lecció: | Síntesis, 5
|
| Matèries: | |
| Etiquetes: |
Afegir etiqueta
Sense etiquetes, Sigues el primer a etiquetar aquest registre!
|
MARC
| LEADER | 00000nam a2200000 a 4500 | ||
|---|---|---|---|
| 001 | UCL3270 | ||
| 003 | CL-VaPUC | ||
| 008 | 031121e19650000SP |||||||||||||||||spa|d | ||
| 082 | 0 | 4 | |a 320.5322 |b FOU |2 21 |
| 100 | 0 | |a Fougeyrollas, Pierre |e author |9 480572 | |
| 245 | 1 | 3 | |a El marxismo: verdad y mito |
| 250 | |a 2a. ed | ||
| 300 | |a 203 p | ||
| 942 | |c BK | ||
| 945 | |d 20031121 00:00:00 |a vberengu | ||
| 260 | |a Barcelona |b Nova Terra |c 1965 | ||
| 650 | 7 | |a MARXISMO |2 CL-VaPUC |9 480573 | |
| 650 | 0 | |a Ideologías políticas |9 255735 | |
| 583 | |a last modification |c 20031121 00:00:00 |k Rodrigo Vera | ||
| 490 | 0 | |a Síntesis, 5 | |
| 999 | |c 306382 |d 306380 | ||
| 952 | |0 0 |1 0 |4 0 |6 320_532200000000000_FOU_1965 |7 0 |8 A |9 371346 |a BIBTEO |b BIBTEO |d 2019-11-21 |i 2095262 |o 320.5322 FOU 1965 |p 2095262 |r 2025-01-17 |w 2019-11-21 |y BK |k ICR | ||